[Event "GER-ch Net Amateur Gr-C Final"]
[Site "Playchess.com INT"]
[Date "2020.04.18"]
[Round "6"]
[White "Slotta, Nico"]
[Black "Jathe, Tim"]
[Result "0-1"]
[WhiteElo "1597"]
[BlackElo "1766"]
[PlyCount "118"]
[EventDate "2020.04.18"]
[EventType "swiss (blitz)"]
[EventRounds "13"]
[EventCountry "GER"]
[SourceTitle "CBM 195 Extra"]
[Source "ChessBase"]
[SourceDate "2020.05.31"]
[SourceVersion "1"]
[SourceVersionDate "2020.05.31"]
[SourceQuality "1"]

1. e4 c5 2. c3 Nf6 3. e5 Nd5 4. d4 cxd4 5. Nf3 Nc6 6. cxd4 d6 7. exd6 Qxd6 8. Bb5 Bg4 9. 0-0 e6 10. h3 Bh5 11. Bxc6+ Qxc6 12. Bd2 Be7 13. Nc3 0-0 14. Nxd5 Qxd5 15. Bc3 Rac8 16. Qe2 Bxf3 17. Qxf3 Qxf3 18. gxf3 Rfd8 19. Rad1 Bf6 20. Rd2 Rd5 21. Rfd1 Rcd8 22. Kg2 Bg5 23. Re2 Bf4 24. Re4 Bc7 25. Rde1 b5 26. f4 g6 27. a3 Bb6 28. Kg3 Bxd4 29. Bxd4 Rxd4 30. Re5 a6 31. Rc5 R8d6 32. Rec1 Rd2 33. R5c2 Kf8 34. Kg2 Ke7 35. Rc7+ Kf6 36. R7c2 Kf5 37. Kg3 Rxc2 38. Rxc2 Rd7 39. f3 Kf6 40. Rc6 a5 41. Ra6 a4 42. Rb6 Rd5 43. Rc6 Rd2 44. h4 Rxb2 45. Rb6 Rb3 46. Kg4 h5+ 47. Kg3 Kf5 48. Rb7 f6 49. Rb6 e5 50. fxe5 Kxe5 51. Rb8 f5 52. Re8+ Kd4 53. Rd8+ Ke3 54. Rd6 Rxa3 55. Rxg6 Ke2 56. Re6+ Re3 57. Rxe3+ Kxe3 58. Kg2 a3 59. Kg3 a2 0-1

[Event "GER-ch Net Amateur Gr-C Vor2"]
[Site "Playchess.com INT"]
[Date "2020.04.15"]
[Round "9"]
[White "Heiligtag, Matthias"]
[Black "Jathe, Tim"]
[Result "0-1"]
[WhiteElo "1683"]
[BlackElo "1737"]
[PlyCount "56"]
[EventDate "2020.04.15"]
[EventType "swiss (blitz)"]
[EventRounds "9"]
[EventCountry "GER"]
[SourceTitle "CBM 196 Extra"]
[Source "ChessBase"]
[SourceDate "2020.07.31"]
[SourceVersion "1"]
[SourceVersionDate "2020.07.31"]
[SourceQuality "1"]

1. e4 c5 2. Nf3 Nc6 3. d4 cxd4 4. Nxd4 Nf6 5. Nc3 e5 6. Nxc6 bxc6 7. Be3 Bb4 8. f3 0-0 9. Bd2 d5 10. exd5 cxd5 11. Bb5 Bb7 12. a3 Bxc3 13. Bxc3 Qb6 14. Ba4 d4 15. Bb4 Rfc8 16. Qd2 e4 17. 0-0-0 d3 18. Kb1 dxc2+ 19. Bxc2 exf3 20. g3 Ne4 21. Bxe4 Bxe4+ 22. Ka1 Rc2 23. Qd6 Qxd6 24. Rxd6 f2 25. Rhd1 h6 26. Rd8+ Rxd8 27. Rxd8+ Kh7 28. Rd1 Bg2 0-1

[Event "GER-ch Net Amateur Gr-C Vor2"]
[Site "Playchess.com INT"]
[Date "2020.04.15"]
[Round "7"]
[White "Jathe, Tim"]
[Black "Krishnachandran, Srihari"]
[Result "1-0"]
[WhiteElo "1737"]
[BlackElo "1764"]
[PlyCount "97"]
[EventDate "2020.04.15"]
[EventType "swiss (blitz)"]
[EventRounds "9"]
[EventCountry "GER"]
[SourceTitle "CBM 196 Extra"]
[Source "ChessBase"]
[SourceDate "2020.07.31"]
[SourceVersion "1"]
[SourceVersionDate "2020.07.31"]
[SourceQuality "1"]

1. e4 c5 2. Nf3 Nc6 3. d4 cxd4 4. Nxd4 Nf6 5. Nc3 e5 6. Ndb5 d6 7. Bg5 a6 8. Na3 b5 9. Bxf6 gxf6 10. Nd5 Bg7 11. Bd3 f5 12. c3 0-0 13. exf5 e4 14. Bxe4 Re8 15. f3 Bxf5 16. 0-0 Bxe4 17. fxe4 Ne7 18. Qh5 Rf8 19. Rf3 Nxd5 20. exd5 h6 21. Rg3 Qf6 22. Rf1 Qe7 23. Qxh6 f6 24. Qh5 Qf7 25. Qxf7+ Kxf7 26. Nc2 Rh8 27. Nd4 Rh7 28. Ne6 Rah8 29. h3 Bf8 30. Ng5+ Kg8 31. Nxh7+ Kxh7 32. Rxf6 Be7 33. Rf7+ Kh6 34. Rxe7 Rf8 35. Re6+ Kh7 36. Rxd6 a5 37. Rd7+ Kh8 38. d6 Rg8 39. Rxg8+ Kxg8 40. Rc7 Kf8 41. d7 Ke7 42. Ra7 a4 43. h4 Kd8 44. h5 Ke7 45. h6 Kd8 46. a3 Ke7 47. h7 Kd8 48. h8Q+ Ke7 49. d8Q+ 1-0

[Event "GER-ch Net Amateur Gr-C Vor1"]
[Site "Playchess.com INT"]
[Date "2020.04.14"]
[Round "4"]
[White "Helmer, Andreas"]
[Black "Jathe, Tim"]
[Result "0-1"]
[WhiteElo "1523"]
[BlackElo "1620"]
[PlyCount "72"]
[EventDate "2020.04.14"]
[EventType "swiss (blitz)"]
[EventRounds "9"]
[EventCountry "GER"]
[SourceTitle "CBM 196 Extra"]
[Source "ChessBase"]
[SourceDate "2020.07.31"]
[SourceVersion "1"]
[SourceVersionDate "2020.07.31"]
[SourceQuality "1"]

1. d4 Nf6 2. Nf3 c5 3. e3 cxd4 4. exd4 d5 5. Bd3 Bg4 6. h3 Bh5 7. g4 Bg6 8. Ne5 e6 9. Nxg6 hxg6 10. Bf4 Bd6 11. Qf3 Nc6 12. c3 Bxf4 13. Qxf4 Qb6 14. Qd2 Nxg4 15. Na3 Nf6 16. 0-0-0 Rc8 17. h4 Nxd4 18. Kb1 Nc6 19. Bb5 a6 20. Ba4 Ne4 21. Qf4 Nxc3+ 22. Ka1 Nxa4 23. Qxa4 Qb4 24. Qc2 Ne7 25. Qe2 Qe4 26. Qd2 0-0 27. Rc1 b5 28. Rxc8 Rxc8 29. Rc1 Rxc1+ 30. Qxc1 Qxh4 31. Qc7 Qh1+ 32. Nb1 Nf5 33. Qc8+ Kh7 34. Qxa6 Qf1 35. Qa3 Nd4 36. Qh3+ Qxh3 0-1

[Event "GER-ch Net Amateur Gr-C Vor1"]
[Site "Playchess.com INT"]
[Date "2020.04.14"]
[Round "7"]
[White "Jathe, Tim"]
[Black "Heiligtag, Matthias"]
[Result "0-1"]
[WhiteElo "1620"]
[BlackElo "1534"]
[PlyCount "70"]
[EventDate "2020.04.14"]
[EventType "swiss (blitz)"]
[EventRounds "9"]
[EventCountry "GER"]
[SourceTitle "CBM 196 Extra"]
[Source "ChessBase"]
[SourceDate "2020.07.31"]
[SourceVersion "1"]
[SourceVersionDate "2020.07.31"]
[SourceQuality "1"]

1. e4 e5 2. Nf3 Nf6 3. Nxe5 d6 4. Nf3 Nxe4 5. Bc4 Nc6 6. 0-0 Be7 7. Re1 Nf6 8. d4 0-0 9. c3 d5 10. Bd3 Bd6 11. h3 Bd7 12. Bg5 h6 13. Be3 Qe8 14. Nbd2 Qd8 15. Nf1 Re8 16. Ng3 Bxg3 17. fxg3 Qe7 18. Bxh6 Qf8 19. Bg5 Rxe1+ 20. Qxe1 Re8 21. Qd2 Qd6 22. Bf4 Qe6 23. Bxc7 Qe3+ 24. Qxe3 Rxe3 25. Bf1 Bxh3 26. gxh3 Rxf3 27. Re1 Ne4 28. Kg2 Rf2+ 29. Kg1 Rxb2 30. Re2 Rxe2 31. Bxe2 Nxc3 32. Bf3 Nxd4 33. Bg2 Ndb5 34. Bb8 Kf8 35. Be5 f6 0-1